[Event "France Jeunes Belfort 2017"]
[Site "Belfort"]
[Date "2017.04.18"]
[Round "4.1"]
[White "Afraoui, Anaelle"]
[Black "Retailleau, Elise"]
[Result "0-1"]
[WhiteElo "1977"]
[BlackElo "1946"]
[PlyCount "88"]
[EventDate "2017.??.??"]
[TimeControl "6000+1115"]
[WhiteClock "0:01:41"]
[BlackClock "0:02:00"]

1. e4 c5 2. Nf3 Nc6 3. d4 cxd4 4. Nxd4 e5 5. Nb5 d6 6. N1c3 a6 7. Na3 b5 8. Nd5
Nge7 9. c4 Nxd5 10. exd5 Nd4 11. Nc2 Nxc2+ 12. Qxc2 Bd7 13. cxb5 axb5 14. Bd3
g6 15. h4 f5 16. Bg5 Qa5+ 17. Kf1 Kf7 18. h5 Bg7 19. g4 e4 20. Bxe4 fxe4 21.
Qxe4 Rae8 22. Qf4+ Kg8 23. hxg6 Rf8 24. Qe3 Qb4 25. gxh7+ Rxh7 26. Rxh7 Kxh7
27. f4 Bxg4 28. Qd3+ Kg8 29. Qg3 Qc4+ 30. Kg1 Bd4+ 31. Kh1 Qxd5+ 32. Kh2 Be6
33. Bh6+ Kh7 34. Qh4 Bg7 35. Bxg7+ Kxg7 36. Rg1+ Kf7 37. Qh7+ Ke8 38. Rg2 Qd4
39. Rg7 Qxf4+ 40. Rg3 Rg8 41. Qh5+ Kd8 42. Qf3 Qxg3+ 43. Qxg3 Rxg3 44. Kxg3
Bxa2 0-1

[Event "France Jeunes Belfort 2017"]
[Site "Belfort"]
[Date "2017.04.18"]
[Round "4.1"]
[White "Belluire, Beatrice"]
[Black "Lomandong, Noela-Joyce"]
[Result "1-0"]
[WhiteElo "1786"]
[BlackElo "1987"]
[PlyCount "113"]
[EventDate "2017.??.??"]
[TimeControl "6000+1850"]
[WhiteClock "0:03:18"]
[BlackClock "0:02:00"]

1. e4 b6 2. d4 Bb7 3. Nc3 Nf6 4. f3 e6 5. Be3 Bb4 6. Qd2 Bxe4 7. fxe4 Nxe4 8.
Qd3 Bxc3+ 9. bxc3 Qh4+ 10. Ke2 f5 11. Nh3 Nc6 12. Bf2 Qg4+ 13. Ke1 Ne7 14. Rg1
Nd5 15. Be2 Qg6 16. c4 Nb4 17. Qb3 c5 18. a3 Nc6 19. d5 Qf6 20. Rd1 Nxf2 21.
Kxf2 Nd4 22. Qd3 Qh4+ 23. Kf1 O-O 24. c3 Nxe2 25. Qxe2 Rae8 26. Qd3 e5 27. Re1
h6 28. Re3 e4 29. Qe2 Kh7 30. Nf2 Qxh2 31. g3 f4 32. Rh1 f3 33. Rxh2 fxe2+ 34.
Kxe2 Re5 35. Nxe4 Rfe8 36. Kd3 Kg6 37. Rhe2 b5 38. cxb5 Rxd5+ 39. Kc4 Rde5 40.
a4 d5+ 41. Kd3 dxe4+ 42. Rxe4 Rd8+ 43. Kc4 Rg5 44. R2e3 Rc8 45. a5 Kh5 46. Re5
Kg6 47. Rxg5+ Kxg5 48. Re5+ Kf6 49. Rxc5 Re8 50. b6 axb6 51. axb6 Rb8 52. Kb5
g5 53. Ka6 Ke7 54. Ka7 Rd8 55. b7 Kd6 56. Rc8 Rd7 57. Ka8 1-0

[Event "France Jeunes Belfort 2017"]
[Site "Belfort"]
[Date "2017.04.18"]
[Round "4.1"]
[White "Coiffait, Pierre-Basile"]
[Black "Burri, Quentin"]
[Result "1/2-1/2"]
[WhiteElo "2193"]
[BlackElo "2372"]
[PlyCount "80"]
[EventDate "2017.??.??"]
[TimeControl "6000+1125"]
[WhiteClock "0:00:38"]
[BlackClock "0:17:06"]

1. d4 d5 2. c4 c6 3. cxd5 cxd5 4. Bf4 Nc6 5. e3 a6 6. Nc3 Nf6 7. Be2 e6 8. Bd3
Be7 9. Rc1 Bd7 10. h3 O-O 11. Nf3 b5 12. O-O Qb6 13. Ne5 Rfc8 14. Qf3 Be8 15.
Ne2 Nxe5 16. dxe5 Ne4 17. Bxe4 dxe4 18. Qg4 b4 19. Bh6 Bf8 20. Nd4 Qb7 21. Bf4
Qd5 22. b3 Rc3 23. Rcd1 Qb7 24. Rd2 a5 25. Rfd1 a4 26. h4 axb3 27. axb3 Kh8 28.
h5 h6 29. Bg3 Rac8 30. Bh4 Rc1 31. Qf4 Kg8 32. g4 R1c5 33. Qh2 Qc7 34. Bg3 Rc1
35. Bf4 Qc3 36. Kg2 Qa1 37. Qh1 Be7 38. Qe1 Rxd1 39. Rxd1 Qc3 40. Qf1 Qc5
1/2-1/2

[Event "France Jeunes Belfort 2017"]
[Site "Belfort"]
[Date "2017.04.18"]
[Round "4.1"]
[White "Harutyunyan, Ruben"]
[Black "Maache, Jawad"]
[Result "1/2-1/2"]
[WhiteElo "2218"]
[BlackElo "2119"]
[PlyCount "59"]
[EventDate "2017.??.??"]
[TimeControl "6000+2745"]
[WhiteClock "0:01:40"]
[BlackClock "0:10:00"]

1. d4 d5 2. c4 e6 3. Nf3 c6 4. e3 Nf6 5. Nc3 Nbd7 6. Be2 dxc4 7. Bxc4 b5 8. Bd3
a6 9. O-O c5 10. Qe2 Bb7 11. Rd1 Qb8 12. h3 Bd6 13. dxc5 Nxc5 14. Bc2 O-O 15.
b4 Ncd7 16. Rb1 Rc8 17. Rb3 Ne5 18. Nxe5 Bxe5 19. Bb2 Qc7 20. f4 Bd6 21. Rd2
Be7 22. Nd1 Ne4 23. Bxe4 Bxe4 24. Nf2 Bd5 25. Rc3 Bc4 26. Qg4 f5 27. Qd1 Rd8
28. a3 Rxd2 29. Qxd2 Rd8 30. Qc1 1/2-1/2

[Event "France Jeunes Belfort 2017"]
[Site "Belfort"]
[Date "2017.04.18"]
[Round "4.1"]
[White "Micottis, Dorian"]
[Black "Tahay, Alexis"]
[Result "1/2-1/2"]
[WhiteElo "2249"]
[BlackElo "2239"]
[PlyCount "59"]
[EventDate "2017.??.??"]
[TimeControl "6000+920"]
[WhiteClock "0:03:33"]
[BlackClock "0:20:14"]

1. e4 c5 2. Nf3 d6 3. d4 cxd4 4. Nxd4 Nf6 5. Nc3 Nc6 6. Bg5 e6 7. Qd2 Qb6 8.
Nb3 Be7 9. f3 O-O 10. O-O-O Rd8 11. h4 a6 12. Kb1 Qc7 13. Be3 b5 14. g4 d5 15.
exd5 b4 16. Na4 Nxd5 17. Bd3 Ne5 18. Qf2 Nxe3 19. Qxe3 Bb7 20. Be4 Nc4 21.
Rxd8+ Rxd8 22. Qe2 Bxe4 23. fxe4 Qc6 24. Nac5 Nxb2 25. Qxa6 Qxa6 26. Nxa6 Na4
27. e5 Nc3+ 28. Kc1 Bxh4 29. Nxb4 Bg3 30. Nd3 1/2-1/2

[Event "France Jeunes Belfort 2017"]
[Site "Belfort"]
[Date "2017.04.18"]
[Round "4.1"]
[White "Nguyen, Thao Nhi"]
[Black "Gattegno-Graciet, Maylis"]
[Result "1/2-1/2"]
[WhiteElo "1691"]
[BlackElo "1434"]
[PlyCount "77"]
[EventDate "2017.??.??"]
[TimeControl "6000+580"]
[WhiteClock "0:30:50"]
[BlackClock "0:28:07"]

1. e4 c5 2. Nc3 Nc6 3. Bb5 g6 4. Bxc6 bxc6 5. d3 Bg7 6. f4 e6 7. Nf3 Ne7 8. O-O
O-O 9. Qe1 d5 10. Na4 c4 11. dxc4 dxc4 12. Nc3 f5 13. e5 Nd5 14. Kh1 Bb7 15.
Nd4 Re8 16. Nd1 a6 17. Ne3 Qb6 18. c3 c5 19. Nxc4 Qc7 20. Nc2 Qc6 21. Qf2 Bf8
22. N2e3 Rad8 23. Qc2 Rd7 24. b3 Red8 25. Kg1 Bh6 26. Nxd5 Rxd5 27. Qe2 Qb5 28.
Be3 Rd3 29. Rad1 Qd7 30. Nd6 Rxd1 31. Rxd1 Be4 32. Rd2 Qc7 33. Qxa6 Qe7 34.
Bxc5 Bxf4 35. Nxe4 Qc7 36. Qxe6+ Kh8 37. Qf6+ Kg8 38. Rxd8+ Qxd8 39. Qxd8+
1/2-1/2

[Event "France Jeunes Belfort 2017"]
[Site "Belfort"]
[Date "2017.04.18"]
[Round "4.1"]
[White "Parlas, Helin"]
[Black "Saliou, Sarah"]
[Result "0-1"]
[WhiteElo "1606"]
[BlackElo "1684"]
[PlyCount "60"]
[EventDate "2017.??.??"]
[TimeControl "6000+900"]
[WhiteClock "0:19:08"]
[BlackClock "0:19:01"]

1. e4 c5 2. Nc3 Nc6 3. Bc4 g6 4. f4 Bg7 5. Nf3 e6 6. d3 Nge7 7. e5 d5 8. Bb3 a6
9. a4 O-O 10. O-O Rb8 11. Ne2 b5 12. c3 b4 13. Be3 Qb6 14. Bc2 b3 15. Bb1 Nf5
16. Bf2 d4 17. g4 dxc3 18. Nxc3 Nfd4 19. Ne4 f6 20. Nxd4 Nxd4 21. Bh4 fxe5 22.
Be7 Rxf4 23. Bxc5 Qd8 24. Bd6 Rb7 25. Rxf4 exf4 26. Bxf4 Rf7 27. Bd6 Bb7 28.
Ra3 Bxe4 29. dxe4 Qxd6 30. Rxb3 Nf3+ 0-1

[Event "France Jeunes Belfort 2017"]
[Site "Belfort"]
[Date "2017.04.18"]
[Round "4.1"]
[White "Philippe, Guillaume"]
[Black "Meunier, Clement"]
[Result "1-0"]
[WhiteElo "2307"]
[BlackElo "2240"]
[PlyCount "83"]
[EventDate "2017.??.??"]
[TimeControl "6000+1395"]
[WhiteClock "0:07:32"]
[BlackClock "0:01:23"]

1. Nf3 Nf6 2. e3 g6 3. b4 Bg7 4. Bb2 d6 5. Be2 O-O 6. O-O Nbd7 7. c4 a5 8. b5
e5 9. d3 Re8 10. Nbd2 Nc5 11. a4 e4 12. dxe4 Nfxe4 13. Bxg7 Kxg7 14. Nxe4 Nxe4
15. Nd4 f5 16. Bf3 Nc5 17. Nb3 Re5 18. Bd5 Qf6 19. Nxc5 dxc5 20. Qd2 Re8 21.
Ra3 Rd8 22. Rd3 f4 23. Bf3 Bf5 24. Rxd8 Rxd8 25. Qxa5 b6 26. Qa7 fxe3 27. Qxc7+
Rd7 28. Qf4 exf2+ 29. Rxf2 Rd4 30. Qc1 Be6 31. Be2 Qd8 32. Qc3 Kg8 33. Qe3 Bf5
34. h3 Re4 35. Qg3 Qd2 36. Bf3 Qe1+ 37. Kh2 Re7 38. Bd5+ Kg7 39. a5 bxa5 40. b6
Bc8 41. Rf7+ Kh8 42. Qxe1 1-0

[Event "France Jeunes Belfort 2017"]
[Site "Belfort"]
[Date "2017.04.18"]
[Round "4.1"]
[White "Popov, Konstantin"]
[Black "Laurent-Paoli, Louis"]
[Result "1/2-1/2"]
[WhiteElo "2026"]
[BlackElo "1749"]
[PlyCount "134"]
[EventDate "2017.??.??"]
[TimeControl "6000+1395"]
[WhiteClock "0:00:42"]
[BlackClock "0:02:52"]

1. e4 e5 2. Nf3 Nc6 3. Bb5 a6 4. Ba4 Nf6 5. O-O b5 6. Bb3 Be7 7. c3 O-O 8. d3
d5 9. Nbd2 Bg4 10. Re1 dxe4 11. dxe4 Qd7 12. h3 Bh5 13. Qe2 Rad8 14. Bc2 Bc5
15. Nf1 h6 16. Ng3 Bxf3 17. Qxf3 Nh7 18. Nf5 Ne7 19. Qg4 Nxf5 20. exf5 Nf6 21.
Qh4 e4 22. Bxe4 Nxe4 23. Rxe4 Qxf5 24. Be3 Bxe3 25. Rxe3 Rd2 26. b4 Rfd8 27.
Qg3 c6 28. a3 Rd1+ 29. Rxd1 Rxd1+ 30. Kh2 Qb1 31. Re8+ Kh7 32. Qg4 Rh1+ 33. Kg3
Qd3+ 34. Re3 Qd6+ 35. Qf4 Qg6+ 36. Kf3 Qh5+ 37. Qg4 Qxg4+ 38. hxg4 Ra1 39. Ke4
Rxa3 40. Kd4 a5 41. Kc5 axb4 42. cxb4 Ra4 43. Rb3 Ra6 44. Rd3 g5 45. f3 Ra2 46.
Kxc6 Rxg2 47. Kxb5 h5 48. gxh5 g4 49. fxg4 Rxg4 50. Rh3 f5 51. Kc5 f4 52. b5
Kh6 53. b6 Rg3 54. Rh1 Rb3 55. Kc6 f3 56. Rh2 Rc3+ 57. Kd7 Rb3 58. Kc7 Rc3+ 59.
Kb8 Rb3 60. b7 Rc3 61. Ka7 Ra3+ 62. Kb6 Rb3+ 63. Kc7 Rc3+ 64. Kb8 Rb3 65. Rh1
Rb2 66. Rc1 Kxh5 67. Kc7 Kg5 1/2-1/2

[Event "France Jeunes Belfort 2017"]
[Site "Belfort"]
[Date "2017.04.18"]
[Round "4.1"]
[White "Yuan, Beline"]
[Black "Randrianarimanana, Alicia"]
[Result "1/2-1/2"]
[WhiteElo "1845"]
[BlackElo "1636"]
[PlyCount "71"]
[EventDate "2017.??.??"]
[TimeControl "6000+1030"]
[WhiteClock "0:05:38"]
[BlackClock "0:03:03"]

1. d4 Nf6 2. c4 g6 3. Nc3 Bg7 4. e4 O-O 5. e5 Ne8 6. f4 d6 7. Nf3 c5 8. dxc5
Nc6 9. cxd6 exd6 10. Be2 Bg4 11. exd6 Nxd6 12. O-O Bxf3 13. Rxf3 Re8 14. Bf1
Qb6+ 15. Kh1 Bxc3 16. bxc3 Rad8 17. Qc2 Na5 18. h3 Ndxc4 19. f5 Re1 20. fxg6
hxg6 21. Rb1 Qxb1 22. Qxb1 Rdd1 23. Kh2 Rxc1 24. Qb5 Nd2 25. Rf4 Nxf1+ 26. Rxf1
Rxf1 27. Qxa5 b6 28. Qxa7 Rh1+ 29. Kg3 Rxc3+ 30. Kh4 Rc4+ 31. Kg3 Rc3+ 32. Kh4
Rc4+ 33. g4 Rb1 34. Qb8+ Kg7 35. Qe5+ Kh7 36. Qe7 1/2-1/2

[Event "France Jeunes Belfort 2017"]
[Site "Belfort"]
[Date "2017.04.18"]
[Round "4.2"]
[White "Boyer, Mahel"]
[Black "Tomasi, Albert"]
[Result "1/2-1/2"]
[WhiteElo "2020"]
[BlackElo "2176"]
[PlyCount "113"]
[EventDate "2017.??.??"]
[TimeControl "6000+1525"]
[WhiteClock "0:01:09"]
[BlackClock "0:01:12"]

1. d4 d5 2. c4 c5 3. cxd5 Qxd5 4. Nf3 cxd4 5. Nc3 Qa5 6. Nxd4 Nf6 7. g3 e5 8.
Nb3 Qc7 9. Bg2 Bb4 10. O-O Bxc3 11. bxc3 O-O 12. Qc2 a5 13. Ba3 Re8 14. Rfd1
Bd7 15. Bd6 Qc8 16. Nc5 Bc6 17. Bxc6 Qxc6 18. Qa4 b5 19. Qb3 Na6 20. Nxa6 Rxa6
21. a4 bxa4 22. Rxa4 Ne4 23. Rc4 Qa8 24. Rc7 Ng5 25. h4 a4 26. Qb7 Ne6 27. Rxf7
Qxb7 28. Rxb7 a3 29. Rbb1 a2 30. Ra1 Rd8 31. Kg2 Raxd6 32. Rxd6 Rxd6 33. Rxa2
Kf7 34. Kf3 Rc6 35. Ra3 Rc4 36. Ke3 Nc5 37. f3 h5 38. Ra7+ Kf6 39. Ra3 Ke6 40.
Kd2 Ra4 41. Rxa4 Nxa4 42. Kd3 Kd5 43. c4+ Ke6 44. Kc2 Kd6 45. Kb3 Nc5+ 46. Kc3
g6 47. e3 Nd7 48. Kd3 Nf6 49. f4 Nd7 50. e4 Kc5 51. Kc3 Nf6 52. Kd3 Ng4 53. Kc3
Nf6 54. Kd3 Ng4 55. Kc3 Kd6 56. Kd3 Kc5 57. Kc3 1/2-1/2

[Event "France Jeunes Belfort 2017"]
[Site "Belfort"]
[Date "2017.04.18"]
[Round "4.2"]
[White "Bureau-Leroyer, Lola"]
[Black "Haussernot, Cécile"]
[Result "0-1"]
[WhiteElo "1635"]
[BlackElo "2107"]
[PlyCount "30"]
[EventDate "2017.??.??"]
[TimeControl "6000+1395"]
[WhiteClock "0:18:34"]
[BlackClock "0:42:42"]

1. c4 e5 2. Nf3 Nc6 3. Nc3 Nf6 4. d4 exd4 5. Nxd4 Bb4 6. Nxc6 bxc6 7. Bd2 O-O
8. g3 d5 9. Bg2 Ba6 10. b3 dxc4 11. Bxc6 Qd4 12. Rc1 Rad8 13. Rc2 Rd6 14. Bf3
Bxc3 15. e3 Bxd2+ 0-1

[Event "France Jeunes Belfort 2017"]
[Site "Belfort"]
[Date "2017.04.18"]
[Round "4.2"]
[White "Caloone, Thomas"]
[Black "Kambrath, Yannick"]
[Result "0-1"]
[WhiteElo "2149"]
[BlackElo "2341"]
[PlyCount "110"]
[EventDate "2017.??.??"]
[TimeControl "6000+1000"]
[WhiteClock "0:13:59"]
[BlackClock "0:12:39"]

1. e4 c5 2. Nf3 d6 3. Bc4 Nf6 4. d3 Nc6 5. c3 g6 6. O-O Bg7 7. h3 O-O 8. Bb3 b5
9. Bf4 a5 10. a4 b4 11. Bc4 d5 12. Bb5 Na7 13. e5 Ne8 14. Be3 Qc7 15. Qd2 Bb7
16. d4 cxd4 17. Bxd4 Nxb5 18. axb5 b3 19. Ra4 Qd7 20. Qd3 Nc7 21. Nbd2 Ba6 22.
Rxa5 Bxb5 23. Rxb5 Qxb5 24. Qxb5 Nxb5 25. Nxb3 Ra2 26. Rb1 Nxd4 27. Nbxd4 Rfa8
28. Nc2 f6 29. e6 f5 30. Nb4 Ra1 31. Rxa1 Rxa1+ 32. Kh2 Rd1 33. Kg3 Kf8 34. Nc6
Rb1 35. Nb4 Rxb2 36. Nxd5 Rc2 37. Ne1 Re2 38. Nd3 Rxe6 39. c4 Rd6 40. N3b4 e6
41. Ne3 Bd4 42. Kf3 Bc5 43. Nbc2 Rd2 44. Ne1 Ke7 45. g4 Kd6 46. gxf5 gxf5 47.
N1g2 Bxe3 48. Nxe3 Ke5 49. h4 h5 50. c5 Rd3 51. c6 Rc3 52. Kg2 Rxc6 53. Nf1 Kf4
54. Kh3 Kf3 55. Ng3 Rc1 0-1

[Event "France Jeunes Belfort 2017"]
[Site "Belfort"]
[Date "2017.04.18"]
[Round "4.2"]
[White "De Talance, Berenice"]
[Black "Rubsamen, Anais"]
[Result "1/2-1/2"]
[WhiteElo "1757"]
[BlackElo "1610"]
[PlyCount "81"]
[EventDate "2017.??.??"]
[TimeControl "6000+1380"]
[WhiteClock "0:01:05"]
[BlackClock "0:01:15"]

1. c4 Nf6 2. Nc3 Nc6 3. e4 e5 4. Nf3 Bc5 5. Be2 O-O 6. O-O d6 7. b3 Nd4 8. Bb2
c6 9. d3 Re8 10. Na4 Nxf3+ 11. Bxf3 Bb6 12. Nxb6 Qxb6 13. d4 a5 14. Qd3 a4 15.
Rfd1 d5 16. c5 dxe4 17. Bxe4 Qd8 18. dxe5 Qxd3 19. Bxd3 Nd7 20. Bd4 axb3 21.
axb3 Rxa1 22. Rxa1 Nxe5 23. Bc2 Ng6 24. Kf1 Nf4 25. f3 Ne6 26. Be3 Nc7 27. Kf2
Nd5 28. Bd2 g6 29. Ra8 Nc7 30. Ra4 Nd5 31. Bd3 Be6 32. Ra7 Bc8 33. Bc4 Nf6 34.
b4 Nd7 35. Bc3 Ne5 36. Be2 Nd7 37. f4 f5 38. Bc4+ Kf8 39. b5 Re4 40. Bd3 Re7
41. Kf3 1/2-1/2

[Event "France Jeunes Belfort 2017"]
[Site "Belfort"]
[Date "2017.04.18"]
[Round "4.2"]
[White "Diez, Agathe"]
[Black "Marcellier, Lucie"]
[Result "0-1"]
[WhiteElo "1404"]
[BlackElo "1557"]
[PlyCount "32"]
[EventDate "2017.??.??"]
[TimeControl "6000+2330"]
[WhiteClock "0:13:13"]
[BlackClock "0:46:43"]

1. e4 e5 2. Nf3 Nc6 3. d4 exd4 4. Nxd4 Nf6 5. Nxc6 bxc6 6. Nc3 Bb4 7. Bd2 O-O
8. Bd3 Re8 9. Qf3 d5 10. O-O-O Bg4 11. Qg3 Bxd1 12. Rxd1 Rb8 13. e5 Nd7 14. Bg5
Be7 15. Qh4 Bxg5+ 16. Qxg5 Qxg5+ 0-1

[Event "France Jeunes Belfort 2017"]
[Site "Belfort"]
[Date "2017.04.18"]
[Round "4.2"]
[White "Lamaze, Simon"]
[Black "Meillon, Judicael"]
[Result "1/2-1/2"]
[WhiteElo "1682"]
[BlackElo "1884"]
[PlyCount "80"]
[EventDate "2017.??.??"]
[TimeControl "6000+13080"]
[WhiteClock "0:24:54"]
[BlackClock "0:27:51"]

1. e4 c5 2. Nf3 d6 3. d4 cxd4 4. Nxd4 Nf6 5. Nc3 a6 6. Be3 e6 7. Bd3 Be7 8. O-O
b5 9. f3 Bb7 10. Qd2 Nbd7 11. Rad1 O-O 12. Qf2 Rc8 13. Nb3 d5 14. exd5 Nxd5 15.
Nxd5 Bxd5 16. Be4 Bxe4 17. fxe4 Qc7 18. c3 Ne5 19. Bf4 Bd6 20. Qg3 f6 21. Nd4
Qe7 22. Nf3 Nxf3+ 23. Qxf3 Bxf4 24. Qxf4 e5 25. Qf3 Rfd8 26. h3 Rc6 27. Rxd8+
Qxd8 28. Rd1 Rd6 29. Rxd6 Qxd6 30. Qe2 g6 31. g4 Kf7 32. Kf2 Ke6 33. Ke3 Qc5+
34. Kf3 Qg1 35. a4 Qh1+ 36. Kg3 Qg1+ 37. Kf3 Qh1+ 38. Kg3 Qg1+ 39. Kf3 Qb6 40.
axb5 axb5 1/2-1/2

[Event "France Jeunes Belfort 2017"]
[Site "Belfort"]
[Date "2017.04.18"]
[Round "4.2"]
[White "Leriche, Ines"]
[Black "Mars, Fiona"]
[Result "1-0"]
[WhiteElo "2037"]
[BlackElo "1799"]
[PlyCount "33"]
[EventDate "2017.??.??"]
[TimeControl "6000+1825"]
[WhiteClock "0:19:30"]
[BlackClock "0:46:02"]

1. d4 Nf6 2. c4 g6 3. Nc3 d5 4. cxd5 Nxd5 5. e4 Nxc3 6. bxc3 Bg7 7. Nf3 c5 8.
Be3 Bg4 9. Rc1 O-O 10. d5 Qc7 11. Qd2 Rd8 12. Bh6 Bh8 13. h4 f5 14. d6 Rxd6 15.
Bc4+ e6 16. Ng5 f4 17. Qxf4 1-0

[Event "France Jeunes Belfort 2017"]
[Site "Belfort"]
[Date "2017.04.18"]
[Round "4.2"]
[White "Rollot, Florence"]
[Black "Mutzel, Annabelle"]
[Result "1-0"]
[WhiteElo "1973"]
[BlackElo "1607"]
[PlyCount "73"]
[EventDate "2017.??.??"]
[TimeControl "6000+1625"]
[WhiteClock "0:03:01"]
[BlackClock "0:03:30"]

1. Nf3 d5 2. g3 Nf6 3. Bg2 Bg4 4. O-O e6 5. c4 c6 6. d3 Be7 7. a3 Nbd7 8. Nc3
O-O 9. Bf4 Bxf3 10. Bxf3 e5 11. Bd2 d4 12. Ne4 Nxe4 13. Bxe4 f5 14. Bg2 f4 15.
b4 g5 16. Qb3 Nf6 17. b5 Qd7 18. bxc6 bxc6 19. Rab1 Rab8 20. Qxb8 Rxb8 21.
Rxb8+ Kg7 22. Rfb1 Kg6 23. R8b7 Qe6 24. Rxa7 fxg3 25. hxg3 e4 26. Rbb7 e3 27.
fxe3 dxe3 28. Be1 Bd6 29. Rg7+ Kh6 30. Be4 Nxe4 31. Rxh7+ Kg6 32. Rag7+ Kf5 33.
dxe4+ Kxe4 34. Rxg5 Qf5 35. Rh4+ Ke5 36. Bc3+ Ke6 37. Rh6+ 1-0

[Event "France Jeunes Belfort 2017"]
[Site "Belfort"]
[Date "2017.04.18"]
[Round "4.2"]
[White "Roque, Gaetan"]
[Black "Eugene, Floryan"]
[Result "*"]
[WhiteElo "2174"]
[BlackElo "2271"]
[PlyCount "143"]
[EventDate "2017.??.??"]
[TimeControl "6000+1355"]
[WhiteClock "0:00:51"]
[BlackClock "0:03:55"]

1. d4 Nf6 2. c4 g6 3. Nc3 Bg7 4. Nf3 O-O 5. Bg5 d6 6. e3 Nbd7 7. Be2 c6 8. Qc2
a6 9. O-O h6 10. Bh4 b5 11. cxb5 cxb5 12. b4 Bb7 13. a4 bxa4 14. Rxa4 Qb6 15.
Rb1 Rfc8 16. b5 axb5 17. Rxb5 Qc6 18. Rc4 Qa6 19. Qb1 Rxc4 20. Bxc4 Rc8 21. Rc5
Qa8 22. Rxc8+ Qxc8 23. Qb3 d5 24. Bd3 Ba6 25. Bb1 Qc6 26. h3 Bc4 27. Qb4 Bf8
28. Qb2 Qa6 29. Nd2 Bd3 30. Qa2 Qxa2 31. Bxa2 e6 32. Nf3 Bb4 33. Na4 Ne4 34.
Bd8 Bc2 35. Nc5 Ndxc5 36. dxc5 Bxc5 37. Ne1 Ba4 38. Bb1 Nc3 39. Bd3 Bb5 40. Ba5
Bxd3 41. Nxd3 Ne4 42. Kf1 Bd6 43. Ke2 Kf8 44. g4 Ke7 45. f3 Nc5 46. Nf2 Nb3 47.
Bc3 e5 48. Kd3 Nc5+ 49. Kc2 Ke6 50. e4 d4 51. Bd2 h5 52. Nd3 Na6 53. Kb3 Kd7
54. Kc4 Kc6 55. f4 f6 56. f5 gxf5 57. exf5 hxg4 58. hxg4 Nc7 59. g5 fxg5 60.
Bxg5 Nd5 61. f6 Nb6+ 62. Kb3 Kd5 63. Nf2 Nd7 64. Kc2 Nc5 65. Kd2 Ke6 66. Ke2
Kf5 67. Bh4 e4 68. f7 Ke6 69. Nxe4 Nxe4 70. Kd3 Kd5 71. Be1 Nc5+ 72. Ke2 *

[Event "France Jeunes Belfort 2017"]
[Site "Belfort"]
[Date "2017.04.18"]
[Round "4.2"]
[White "Travadon, Loic"]
[Black "Trouve, Guillaume"]
[Result "1/2-1/2"]
[WhiteElo "2348"]
[BlackElo "2134"]
[PlyCount "67"]
[EventDate "2017.??.??"]
[TimeControl "6000+800"]
[WhiteClock "0:24:13"]
[BlackClock "0:28:24"]

1. d4 Nf6 2. c4 e6 3. Nf3 Bb4+ 4. Bd2 a5 5. a3 Be7 6. Nc3 d5 7. Bf4 O-O 8. Rc1
c5 9. dxc5 Bxc5 10. e3 Be7 11. cxd5 exd5 12. h3 Na6 13. Be2 Nc5 14. O-O Be6 15.
Nd4 Bd6 16. Bxd6 Qxd6 17. Ndb5 Qe7 18. Na4 Rac8 19. Nxc5 Rxc5 20. Rxc5 Qxc5 21.
Qd2 Ne4 22. Qxa5 Qc2 23. Nd4 Qxb2 24. Qb4 Qxb4 25. axb4 Rc8 26. Ra1 g6 27. Bd3
Nd6 28. Kf1 Kg7 29. Ke2 Kf6 30. Ra7 Rc7 31. Ra5 Ke7 32. Ra7 Kf6 33. Ra8 Rc8 34.
Ra7 1/2-1/2

[Event "France Jeunes Belfort 2017"]
[Site "Belfort"]
[Date "2017.04.18"]
[Round "4.3"]
[White "Aubert, Estee"]
[Black "Henry, Aziliz"]
[Result "1-0"]
[WhiteElo "1741"]
[BlackElo "1481"]
[PlyCount "53"]
[EventDate "2017.??.??"]
[TimeControl "6000+1315"]
[WhiteClock "0:21:55"]
[BlackClock "0:13:03"]

1. d4 d6 2. Bf4 Nf6 3. e3 g6 4. h3 Bg7 5. Nf3 O-O 6. Be2 Nbd7 7. O-O b6 8. a4
Bb7 9. Nc3 c5 10. d5 Re8 11. e4 e6 12. dxe6 Rxe6 13. Ng5 Re8 14. Bc4 d5 15.
exd5 Ne5 16. Bb5 Nxd5 17. Nxd5 Qxd5 18. Qxd5 Bxd5 19. Bxe8 Rxe8 20. Rfe1 h6 21.
Ne4 Kf8 22. Nc3 Bc4 23. Rad1 Nc6 24. Bd6+ Ne7 25. Bxe7+ Rxe7 26. Rd8+ Re8 27.
Rexe8# 1-0

[Event "France Jeunes Belfort 2017"]
[Site "Belfort"]
[Date "2017.04.18"]
[Round "4.3"]
[White "Bacrot, Alexandre"]
[Black "Ciccoli, Theo"]
[Result "1-0"]
[WhiteElo "2143"]
[BlackElo "2014"]
[PlyCount "53"]
[EventDate "2017.??.??"]
[TimeControl "6000+750"]
[WhiteClock "1:11:15"]
[BlackClock "0:00:37"]

1. e4 c5 2. Nf3 d6 3. Nc3 Nf6 4. e5 dxe5 5. Nxe5 Nbd7 6. d4 e6 7. Bb5 a6 8.
Bxd7+ Nxd7 9. Qf3 Qf6 10. Bf4 cxd4 11. Ne4 Qf5 12. Nc4 Qd5 13. Ncd6+ Bxd6 14.
Nxd6+ Ke7 15. Qxd5 exd5 16. O-O-O Nc5 17. Rhe1+ Be6 18. Rxd4 Kd7 19. b4 Na4 20.
Nxb7 Kc6 21. Na5+ Kb5 22. Re5 Nc3 23. Bd2 Rhc8 24. Kb2 Nd1+ 25. Kb3 Nxf2 26.
Be3 Ng4 27. Rxg4 1-0

[Event "France Jeunes Belfort 2017"]
[Site "Belfort"]
[Date "2017.04.18"]
[Round "4.3"]
[White "Bruneau, Maylis"]
[Black "Bellahcene, Anissa"]
[Result "0-1"]
[WhiteElo "1794"]
[BlackElo "1806"]
[PlyCount "60"]
[EventDate "2017.??.??"]
[TimeControl "6000+690"]
[WhiteClock "0:01:11"]
[BlackClock "0:15:41"]

1. d4 f5 2. Nf3 e6 3. Bf4 d5 4. e3 c6 5. Nbd2 Nf6 6. c4 Be7 7. h3 Nbd7 8. Bd3
O-O 9. Ng5 Nb8 10. c5 Ne4 11. Ngxe4 fxe4 12. Be2 b6 13. b4 Nd7 14. O-O Bh4 15.
Nb3 Qf6 16. g3 Bg5 17. Kh2 e5 18. dxe5 Nxe5 19. Nd4 Bd7 20. Qc1 Bxf4 21. gxf4
Ng6 22. f5 Bxf5 23. Nxf5 Qxf5 24. cxb6 Qe5+ 25. Kh1 Rf6 26. b7 Rb8 27. b5 Rxb7
28. bxc6 Rc7 29. Bb5 Rf3 30. Kg2 Nh4+ 0-1

[Event "France Jeunes Belfort 2017"]
[Site "Belfort"]
[Date "2017.04.18"]
[Round "4.3"]
[White "Candelot, Clement"]
[Black "Warnier, Yanis"]
[Result "1-0"]
[WhiteElo "1839"]
[BlackElo "1526"]
[PlyCount "45"]
[EventDate "2017.??.??"]
[TimeControl "6000+710"]
[WhiteClock "0:44:42"]
[BlackClock "0:46:05"]

1. e4 e5 2. Nf3 Nc6 3. Bc4 Bc5 4. c3 Nf6 5. d4 exd4 6. cxd4 Bb4+ 7. Bd2 Nxe4 8.
Bxb4 Nxb4 9. Bxf7+ Kxf7 10. Qb3+ d5 11. Ne5+ Ke7 12. Qxb4+ Qd6 13. Qxd6+ Nxd6
14. Nc3 c6 15. O-O Re8 16. Rfe1 Kf8 17. b4 Be6 18. Rab1 Bf5 19. Rb2 Nc4 20.
Rbe2 Nxe5 21. Rxe5 Rxe5 22. Rxe5 Re8 23. Rxf5+ 1-0

[Event "France Jeunes Belfort 2017"]
[Site "Belfort"]
[Date "2017.04.18"]
[Round "4.3"]
[White "Georges, Lisa"]
[Black "Bellahcene, Meriem"]
[Result "1-0"]
[WhiteElo "1704"]
[BlackElo "1919"]
[PlyCount "89"]
[EventDate "2017.??.??"]
[TimeControl "6000+740"]
[WhiteClock "0:10:40"]
[BlackClock "0:01:28"]

1. e4 c5 2. Nf3 Nc6 3. d4 cxd4 4. Nxd4 g6 5. g3 Bg7 6. Ne2 Nf6 7. Bg2 Rb8 8.
O-O O-O 9. Nbc3 b5 10. a3 a5 11. Bf4 d6 12. Nd5 Nxd5 13. exd5 Ne5 14. Nd4 Bd7
15. h3 Qc8 16. Kh2 Qc7 17. b3 Rfc8 18. Ra2 a4 19. Be3 f5 20. Bg5 Re8 21. Re1 h6
22. Bc1 Rbc8 23. Bb2 Qb6 24. f4 Nf7 25. Ne6 Bxb2 26. Rxb2 axb3 27. Rxb3 Kh7 28.
g4 fxg4 29. Qxg4 h5 30. Ng5+ Nxg5 31. Qxg5 Qd8 32. Be4 Rg8 33. Qxh5+ Kg7 34.
Qxg6+ Kf8 35. Qh6+ Kf7 36. Bh7 Qb6 37. Bxg8+ Rxg8 38. Rbe3 Ke8 39. Qh7 Be6 40.
dxe6 Rf8 41. Qe4 Qa6 42. Rc3 Kd8 43. Qc6 Qxc6 44. Rxc6 Rxf4 45. Rg1 1-0